| 000 | 00526nam a2200181Ia 4500 | ||
|---|---|---|---|
| 003 | IN-BaIIA | ||
| 008 | 211028s9999 xx s 000 0 eng d | ||
| 020 | _a9780819490179 (Print) | ||
| 020 | _a9780819490186 (Online) | ||
| 040 | _cIIA Library | ||
| 100 |
_aTyson, Robert K. _917742 |
||
| 245 | 0 |
_aField Guide to Adaptive Optics _h[eBook] |
|
| 250 | _a2nd ed. | ||
| 260 |
_aWashington, USA _bSPIE _c2012 |
||
| 300 | _aOnline resource | ||
| 856 |
_uhttps://doi.org/10.1117/3.923078 _yClick Here to Access eBook |
||
| 942 | _cEB | ||
| 999 |
_c22193 _d22193 |
||